Länder mit der höchsten Staatsverschuldung - Statistiken

Allgemein
  • Dieses Quiz wurde 78 mal gespielt
  • Das Durchschnittsergebnis liegt bei 9 aus 20
Antwortstatistiken
# Staatsverschuldung in Relation zum BIP in % Land % Korrekt
10 122,15 USA
97%
17 107,46 Spanien
89%
7 137,28 Italien
86%
16 110,64 Frankreich
85%
3 168,83 Griechenland
85%
2 252,36 Japan
79%
18 107,13 Kanada
73%
20 101,08 Großbritannien
69%
5 154,54 Argentinien
68%
6 148,23 Venezuela
56%
19 104,46 Belgien
51%
1 316,48 Sudan
20%
4 162,14 Singapur
17%
9 122,81 Laos
10%
13 115,23 Sambia
7%
14 114,84 Barbados
4%
8 124,6 Bahrain
3%
12 115,38 Kap Verde
3%
11 118,67 Malediven
3%
15 114,36 Bhutan
1%
Keine übereinstimmenden Quizze gefunden
Verteilung der Resultate
Anzahl Personen mit jedem Resultat
Perzentil nach korrekt beantworteten Fragen
Ihre Resultats-Entwicklung
Sie haben dieses Quiz noch nicht gespielt